<?xml version="1.0" encoding="UTF-8"?>
<collection xmlns="http://www.loc.gov/MARC21/slim">
 <record>
  <leader>01459nam a2200217 a 4500</leader>
  <controlfield tag="001">1/48339</controlfield>
  <controlfield tag="008">190124s2010    gr ah         00010 gre  </controlfield>
  <datafield tag="020" ind1=" " ind2=" ">
   <subfield code="a">9789608686557</subfield>
  </datafield>
  <datafield tag="035" ind1=" " ind2=" ">
   <subfield code="l">51335</subfield>
  </datafield>
  <datafield tag="040" ind1=" " ind2=" ">
   <subfield code="a">GR-PeUP</subfield>
  </datafield>
  <datafield tag="082" ind1="0" ind2="0">
   <subfield code="a">938.93 ΗΠΕ</subfield>
  </datafield>
  <datafield tag="245" ind1="0" ind2="0">
   <subfield code="a">Ηπειρώτες έμποροι ευεργέτες του ελληνικού έθνους και συντελεστές της προόδου της ανθρωπότητας /</subfield>
   <subfield code="c">[κατάταξη - επεξεργασία υλικού, συγγραφή βιβλίου Σπύρος Εργολάβος] = Epirus' merchants benefactors of the Greek nation and contributors to the worldwide progress / [classification - elaboration of material, writing of book Spiros Ergolavos].</subfield>
  </datafield>
  <datafield tag="260" ind1="0" ind2=" ">
   <subfield code="a">Ιωάννινα :</subfield>
   <subfield code="b">Σύνδεσμος Αποφοίτων Ζωσιμαίας Σχολής Ιωαννίνων &quot;Οι Ζωσιμάδες&quot;,</subfield>
   <subfield code="c">2010.</subfield>
  </datafield>
  <datafield tag="300" ind1=" " ind2=" ">
   <subfield code="a">163, [6] σ.</subfield>
   <subfield code="b">εικ. (ορισμένες έγχρ.), έγχρ. πανόμ.</subfield>
   <subfield code="c">30 εκ.</subfield>
  </datafield>
  <datafield tag="500" ind1=" " ind2=" ">
   <subfield code="a">Κείμενα στα ελληνικά και αγγλικά.</subfield>
  </datafield>
  <datafield tag="650" ind1=" " ind2="4">
   <subfield code="a">Ευεργέτες</subfield>
   <subfield code="y">Ελλάδα</subfield>
   <subfield code="y">Ήπειρος.</subfield>
  </datafield>
  <datafield tag="650" ind1=" " ind2="4">
   <subfield code="a">Benefactors</subfield>
   <subfield code="z">Greece.</subfield>
  </datafield>
  <datafield tag="651" ind1=" " ind2="4">
   <subfield code="a">Ηπειρος (Ελλάδα)</subfield>
   <subfield code="x">Ιστορία.</subfield>
  </datafield>
  <datafield tag="651" ind1=" " ind2="0">
   <subfield code="a">Epirus (Greece)</subfield>
   <subfield code="x">History.</subfield>
  </datafield>
  <datafield tag="700" ind1="1" ind2=" ">
   <subfield code="a">Εργολάβος, Σπύρος.</subfield>
  </datafield>
  <datafield tag="852" ind1=" " ind2=" ">
   <subfield code="a">INST</subfield>
   <subfield code="b">UNIPILB</subfield>
   <subfield code="c">MAIN</subfield>
   <subfield code="e">20190124</subfield>
   <subfield code="h">938.93 ΗΠΕ</subfield>
   <subfield code="p">00180308</subfield>
   <subfield code="q">00180308</subfield>
   <subfield code="t">LOAN</subfield>
   <subfield code="y">0</subfield>
   <subfield code="4">1</subfield>
  </datafield>
 </record>
</collection>
